00750nam a2200181 a 4500008004100000020001500041050001600056100002600072245008100098260003100179300002000210350000900230500005100239650005300290995008400343999001700427952012400444120416s1979 ||||||||||||||||| || u a0408003138 aTH 3401 Bui aMarkus, Thomas Andrew10aBuilding conversion and rehabilitation: designing for change in building use aLondonbButterworthsc1979 axii, 178p.: ill a0.00 aIncludes bibliographical references and index. aBUILDINGS--REPAIR AND RECONSTRUCTION--CONGRESSES D0.00FCBU-MAIN LIBRARY (Kitwe)H1I0.00UAVAILABLEZAnnex Low-Usage Collection  c36254d36254 00102lcc4070a001b001cAnnex Low-Usage Collection d2022-11-30l0oTH 3401 Buip015340r2022-11-30w2022-11-30y002